000 00294nam a22001337a 4500
008 170508b xxu||||| |||| 00| 0 eng d
020 _a0314225609
041 _aeng
080 _23RD
_a342
100 _a15
101 _aSHJ
245 _aCORPORATION FINANCE
_cHAMILTON, R.W
942 _2udc
_cBK
999 _c13010
_d13010